Top 50 Romania Caps Since 2000 - Statistics

General Stats
  • This quiz has been taken 35 times
  • The average score is 16 of 53
Answer Stats
Debut Last Most Apps For Pos Player Cps Gls % Correct
2018 Rangers AM Ianis Hagi 37 5
87%
1999 2011 Inter Milan CB Cristian Chivu 71 3
83%
2000 2013 Fiorentina LW Adrian Mutu 73 32
73%
2009 2020 Steaua București GK Ciprian Tătărușanu 73
70%
2016 Steaua București AM Nicolae Stanciu 72 15
63%
2002 2016 Shakhtar Donetsk LB Răzvan Raț 109 2
60%
2011 2022 Steaua București CB Vlad Chiricheș 75
60%
2018 Steaua București RW Dennis Man 26 7
53%
2016 Standard Liège CM Răzvan Marin 57 4
50%
2003 2014 Stuttgart ST Ciprian Marica 65 23
47%
2008 2019 Politehnica Timișoara GK Costel Pantilimon 25
47%
1998 2018 Dinamo București GK Bogdan Lobonț 76
43%
2010 2017 Gençlerbirliği ST Bogdan Stancu 52 14
43%
1991 2007 Köln AM Dorinel Munteanu 50 6
43%
1996 2010 Getafe RB Cosmin Contra 59 7
40%
2018 Reading ST George Pușcaș 43 11
40%
1998 2009 Dinamo București RW Florentin Petre 37 5
37%
2013 2021 Ludogorets Razgrad ST Claudiu Keșerü 45 13
30%
2015 2020 Deportivo La Coruña ST Florin Andone 25 2
30%
2003 2018 Dinamo București CB Gabriel Tamaș 61 3
30%
1993 2005 Nantes ST Viorel Moldovan 26 6
30%
2011 2019 Steaua București RW Alexandru Chipciu 46 6
27%
2012 Gaziantep AM Alexandru Maxim 55 6
27%
2008 2015 Steaua București LW Cristian Tănase 40 6
27%
2005 2015 Steaua București CB Dorin Goian 55 5
27%
2010 2020 CFR Cluj RW Ciprian Deac 25 4
23%
2008 2019 Rapid București CB Cristian Săpunaru 35
23%
2003 2012 Auxerre ST Daniel Niculae 35 8
23%
2001 2005 Rapid București ST Daniel Pancu 27 9
23%
2015 Astra Giurgiu ST Denis Alibec 38 5
23%
2000 2013 Dinamo București ST Marius Niculae 41 14
23%
2000 2010 Steaua București DM Mirel Rădoi 63 2
23%
2005 2013 Chicago Fire CM Răzvan Cociș 46 2
23%
2005 2014 Steaua București RW Bănel Nicoliță 31 1
20%
1988 2005 Salamanca GK Bogdan Stelea 28
20%
2005 2015 Rapid București CM Costin Lazăr 31 2
20%
2010 2017 Dinamo București RW Gabriel Torje 55 11
20%
2017 Universitatea Craiova LB Nicușor Bancu 38 2
20%
2018 Universitatea Craiova CM Alexandru Cicâldău 37 4
17%
2014 CFR Cluj RB Cristian Manea 25 2
17%
2011 2020 Dinamo București CB Dragoș Grigore 38 1
17%
1999 2006 Stuttgart ST Ionel Ganea 36 13
17%
2000 2010 Siena CM Paul Codrea 39 1
17%
2016 2022 Gaziantep CB Alin Toșca 30 1
13%
2018 Dinamo București CB Ionuț Nedelcearu 27 2
13%
2011 2018 Steaua București DM Mihai Pintilii 43 1
13%
2000 2006 Rapid București CB Adrian Iencsi 30 1
10%
2009 2014 Steaua București DM Alexandru Bourceanu 25
10%
2019 CFR Cluj CB Andrei Burcă 29 1
10%
2003 2010 Steaua București SS Nicolae Dică 29 6
10%
2013 2017 CFR Cluj DM Ovidiu Hoban 30 1
10%
2012 2019 Petrolul Ploiești LW Gheorghe Grozav 29 5
7%
1998 2007 Recreativo Huelva LW Laurențiu Roșu 27 3
7%
No matching quizzes found
Score Distribution
Percent of People with Each Score
Percentile by Number Answered
Your Score History
You have not taken this quiz